Vida : o mistério da sua origem e natureza (Registo nº 200203)

Detalhes MARC
000 -Etiqueta do registo
Valores 00652nam 22002173 4500
021 ## - Número do Depósito Legal
Código do país Portugal
Número 21735/88
100 ## - Dados gerais de processamento
Dados gerais 20260127d u||y0pory50 ba
200 ## - Titulo e menção de responsabilidade
Título próprio Vida : o mistério da sua origem e natureza
Primeira menção de responsabilidade Francis Crick
Outras menções de responsabilidade tradução Conceição Duque
205 ## - Menção da edição
Edição
210 ## - Publicação
Local de publicação Lisboa
Nome do editor Gradiva
Data de publicação 1988
215 ## - Descrição física 
Paginação / Volumes 193, [3] p.
Outras indicações físicas il. ; brochado
Dimensões 21 cm
225 ## - Colecção 
Título próprio da colecção Ciência aberta
Número de parte ou secção 23
606 ## - Nome comum usado como assunto
ID Autoridade 12863
Palavra de ordem Biologia geral e teórica
675 ## - CDU
Notação 573
Edição PT
Língua por
700 ## - Autor principal (pessoa individual)
ID Autoridade 16037
Apelido Crick
Nome Francis
Datas 1916-2004
702 ## - Autor secundário (pessoa individual)
ID Autoridade 16038
Apelido Duque
Nome Conceição
801 ## - Fonte de origem
País PT
Agência BMMN
Regras de catalogação RPC
830 ## - Notas gerais do catalogador
Criado por Vanda
990 ## - Elementos KOHA
Tipo de documento Livro
Exemplares
Situação do levantamento Biblioteca de origem Código de barras Cota Permissão de empréstimo Tipo de documento Forma de aquisição
  Biblioteca Municipal de Montemor-o-Novo 29313 573 CRI|DEP   Livro Compra

Powered by Koha